Central Library OPAC University of Rajshahi

Modern American fiction : (Record no. 17642)

MARC details
000 -LEADER
fixed length control field 00699nam a22002291 4500
001 - CONTROL NUMBER
control field 17642
003 - CONTROL NUMBER IDENTIFIER
rucl marc code BD-RjUL
005 - DATE AND TIME OF LATEST TRANSACTION
control field 20211209000154.0
008 - FIXED-LENGTH DATA ELEMENTS--GENERAL INFORMATION
fixed length control field 140217r19671963nyu 000 1 eng d
035 ## - SYSTEM CONTROL NUMBER
System control number (BD-RjUL)17700
040 ## - CATALOGING SOURCE
Original cataloging agency DLC
Transcribing agency DLC
Modifying agency DLC
-- BD-RjUL
Language of cataloging eng
041 ## - LANGUAGE CODE
Language code of text/sound track or separate title eng
082 00 - DEWEY DECIMAL CLASSIFICATION NUMBER
Classification number 813.509
Author mark and year MOD 1967
245 10 - TITLE STATEMENT
Title Modern American fiction :
Remainder of title essays in criticism /
Statement of responsibility, etc. Ed. By Litz, A. Walton,
260 ## - PUBLICATION, DISTRIBUTION, ETC. (IMPRINT)
Place of publication, distribution, etc. New York :
Name of publisher, distributor, etc. Oxford University Press,
Date of publication, distribution, etc. 1963. [Reprinted 1967]
300 ## - PHYSICAL DESCRIPTION
Pagination 365 p. ;
Size 21 cm.
490 0# - SERIES STATEMENT
Series statement A Galaxy book, GB100
650 #0 - SUBJECT ADDED ENTRY--TOPICAL TERM
Topical term or geographic name as entry element American fiction
Chronological subdivision 20th century
General subdivision History and criticism.
9 (RLIN) 52286
942 ## - ADDED ENTRY ELEMENTS (KOHA)
Source of classification or shelving scheme Dewey Decimal Classification
Koha item type Books
Holdings
Lost status Source of classification or shelving scheme Damaged status Not for loan Collection code Permanent Location Current Location Shelving location Date acquired Source of acquisition Cost, normal purchase price Total Checkouts Full call number Date last seen Copy number Koha item type
  Dewey Decimal Classification   Not For Loan Fiction Central Library, University of Rajshahi Central Library, University of Rajshahi Reading Room 06/03/1973 Blackwell 1.10   813.509 MOD 1967 17/02/2014 C-1 Books